00616nam a2200205Ia 4500003000400000005001700004008004100021020001500062040001800077041000800095082002100103100001700124245010400141250001200245260004700257300003800304650003600342650001600378650001600394OSt20240524095636.0210716s1992 xx 000 0 und d a8185623368 cAIMIT LIBRARY aeng a005.73 21bDALN aDale, Nell0. aPascal plus data structures algorithms and advanced programming /cby Nell Dale and Susan C. Lilly. a3rd ed. aNew Delhi :bGalgotia Book Source ,c1992. axxvii,730,A1-19 p.;bPBc24.8 cm. aVerifying debugging and testing aData design aFIFO queues